El caballero de la armadura oxidada / (Registro nro. 14318)

000 -CABECERA
campo de control de longitud fija 01878cam a2200289 a 4500
001 - NÚMERO DE CONTROL
campo de control 289083
003 - IDENTIFICADOR DEL NÚMERO DE CONTROL
campo de control OSt
005 - FECHA Y HORA DE LA ÚLTIMA TRANSACCIÓN
campo de control 20220608145246.0
008 - DATOS DE LONGITUD FIJA--INFORMACIÓN GENERAL
campo de control de longitud fija 990809r20011999sp r 00011dspa d
020 ## - NÚMERO INTERNACIONAL ESTÁNDAR DEL LIBRO
Número Internacional Estándar del Libro 9788497772303
040 ## - FUENTE DE LA CATALOGACIÓN
Centro catalogador/agencia de origen la
Centro/agencia transcriptor CO-MqBPB
041 0# - CÓDIGO DE LENGUA
Código de lengua del texto/banda sonora o título independiente spa
043 ## - CÓDIGO DE ÁREA GEOGRÁFICA
Código de área geográfica n-us---
082 04 - NÚMERO DE LA CLASIFICACIÓN DECIMAL DEWEY
Número de clasificación AC
Número de documento/Ítem FISc
100 1# - ENTRADA PRINCIPAL--NOMBRE DE PERSONA
Nombre de persona Fisher, Robert.
245 13 - MENCIÓN DE TÍTULO
Título El caballero de la armadura oxidada /
Mención de responsabilidad, etc. Robert Fisher
250 ## - MENCIÓN DE EDICIÓN
Mención de edición 56
260 ## - PUBLICACIÓN, DISTRIBUCIÓN, ETC.
Lugar de publicación, distribución, etc. Barcelona :
Nombre del editor, distribuidor, etc. Ediciones Obelisco,
Fecha de publicación, distribución, etc. 2021.
300 ## - DESCRIPCIÓN FÍSICA
Extensión 108 p. ;
Dimensiones 21 cm.
440 #0 - MENCIÓN DE SERIE/PUNTO DE ACCESO ADICIONAL--TÍTULO
Título Colecci�n nueva consciencia
500 10 - NOTA GENERAL
Nota general EL CABALLERO DE LA ARMADURA OXIDADA (RUSTICA)<br/>El Caballero de la armadura oxidada no es un libro... es una experiencia que expande nuestra mente, que nos llega al corazón y alimenta nuestra alma. Sus profundas enseñanzas éticas son de una sencillez y humildad tal que se consiguen interiorizar naturalmente y la riqueza de su prosa nos inunda de belleza.<br/>El protagonista, un caballero deslumbrado por el brillo de su propia armadura, a pesar de ser bueno, generoso y amoroso, no consigue comprender y valorar con profundidad lo que tiene, descuidando “sin querer” las cosas y las personas que le rodean.<br/>Su armadura se va oxidando hasta que deja de brillar y, cuando se da cuenta, ya no puede quitársela.<br/>Prisionero de sí mismo, emprende entonces un viaje al final del cual, gracias a la ayuda de diversos personajes, logra deshacerse de la armadura que le ha imposibilitado abrirse al mundo. Este libro nos enseña, con un sutil sentido del humor, que debemos liberarnos de las barreras que nos impiden conocernos y amarnos a nosotros mismos para poder ser capaces de dar y recibir amor en abundancia
650 ## - PUNTO DE ACCESO ADICIONAL DE MATERIA--TÉRMINO DE MATERIA
Término de materia o nombre geográfico como elemento de entrada Cuentos estadounidenses.
650 ## - PUNTO DE ACCESO ADICIONAL DE MATERIA--TÉRMINO DE MATERIA
Término de materia o nombre geográfico como elemento de entrada Caballeros y caballer�a
-- Cuento.
650 ## - PUNTO DE ACCESO ADICIONAL DE MATERIA--TÉRMINO DE MATERIA
Término de materia o nombre geográfico como elemento de entrada Conducta (Etica)
Subdivisión de forma Novela.
942 ## - ELEMENTOS DE PUNTO DE ACCESO ADICIONAL (KOHA)
Fuente del sistema de clasificación o colocación
Tipo de ítem Koha Libro Literatura
949 ## - PROCESAMIENTO DE INFORMACIÓN LOCAL (OCLC)
a n
b n
Existencias
Estado de retiro Estado de pérdida Fuente del sistema de clasificación o colocación Estado dañado No para préstamo Código de colección Localización permanente Ubicación/localización actual Fecha de adquisición Fuente de adquisición Total de préstamos Renovaciones totales Signatura topográfica completa Código de barras En préstamo Fecha visto por última vez Fecha del último préstamo Número de copia Precio válido a partir de Tipo de ítem Koha Nota pública Ubicación en estantería Número de inventario
          Literatura Adulto Biblioteca Pública San Juan Bosco Biblioteca Pública San Juan Bosco 08/06/2022 Compra BPSJBM 2022 7 5 AC FISc MOS502395 30/06/2026 27/02/2026 27/02/2026 ej 1 08/06/2022 Libro Literatura Quince dias    
          Literatura Adulto Biblioteca Pública San Juan Bosco Biblioteca Pública San Juan Bosco 10/04/2026 Compra 2025     AC FISc MOS504858   10/04/2026   Ej. 2 10/04/2026 Libro Literatura Quince dias Literatura NT

© Todos los derechos reservados para la Biblioteca Pública Municipal San Juan Bosco, 2020
Secretaria de Cultura de Mosquera
Carrera 3 N° 10 Esquina Centro Cultural Barrio El Carmén Teléfono: 8270830 Ext: 34
Funcionando con KOHA
Contacto: Biblioteca Pública Municipal San Juan Bosco/ bibliotecasanjuanbosco@mosquera-cundinamarca.gov.co
Mosquera, Cundinamarca